| 000 | 00683nam a22002057a 4500 | ||
|---|---|---|---|
| 005 | 20251108172110.0 | ||
| 008 | 250721s2000 xx 000 0 ara d | ||
| 082 | 1 | 4 | _a346.048/نجا |
| 100 | 1 | _aالنجار، عبد الله مبروك | |
| 245 | 1 | 0 |
_aالحق الأدبي للمؤلف : _bفي الفقه الإسلامي و القانون المقارن / |
| 264 | 1 |
_aالرياض : _bدار المريخ للنشر، _c2000. |
|
| 300 | _a487 ص. | ||
| 650 | 1 | 7 | _aالقانون |
| 650 | 1 | 7 | _aالملكية المعنوية |
| 650 | 1 | 7 | _aالتأليف |
| 650 | 1 | 7 | _aحق الملكية |
| 650 | 1 | 7 | _aالفقه الإسلامي |
| 942 |
_2ddc _cBK |
||
| 999 |
_c70418 _d70418 |
||